Multiple-Choice-Stadtquiz – Frankfurt - Statistiken

Allgemein
  • Dieses Quiz wurde 136 mal gespielt
  • Das Durchschnittsergebnis liegt bei 9 aus 10
Antwortstatistiken
Frage Antwort % Korrekt
Wo in Deutschland liegt Frankfurt?
100%
Wie lautet Frankfurts vollständiger Name, basierend auf dem Fluss, an dem es liegt? Frankfurt am Main
100%
Welche dieser Organisationen hat ihren Sitz in Frankfurt? Europäische Zentralbank
99%
Wer schrieb „Faust“ und ist Namensgeber einer Universität in Frankfurt? Johann Wolfgang von Goethe
99%
Was hat Frankfurt? Den verkehrsreichsten Flughafen Deutschlands
96%
Welche dieser Firmen hat ihren Sitz in Frankfurt? Deutsche Bank
96%
Was hat Frankfurt noch? Die meisten Wolkenkratzer in Deutschland
96%
Kulinarisch gesehen, was ist ein Frankfurter? Wurst
80%
Welche unglaublich reiche Familie ging im 18. Jahrhundert aus dem Frankfurter Ghetto hervor? Rothschild
78%
Wer wurde in Frankfurt gekrönt? Heilige Römische Kaiser
42%
Keine übereinstimmenden Quizze gefunden
Verteilung der Resultate
Anzahl Personen mit jedem Resultat
Perzentil nach korrekt beantworteten Fragen
Ihre Resultats-Entwicklung
Sie haben dieses Quiz noch nicht gespielt